00501nam a2200205Ia 4500003000400000005001700004008004100021020002200062040000700084041000800091082002200099100002100121245003700142250000600179260003300185300001500218365001700233650002000250650002500270OSt20230620152725.0210423s2004 xx 000 0 und d a978-0-7645-4196-X cAL aeng a621.31 223bROSA aROSENBERG (Paul) aAudel practical electricity Ed 5 a5 aCanadabWiley and Sonsc2004 axi,466bPB b2944.23cUSD aApplied Physics aElectric Engineering